000 00920nam0a22002771 4500
001 rc\3349919
005 20250609215742.0
021 _aRU
_b[72-28510]
035 _a(NLR Aleph) 007521083
090 _a7725481
_c7725481
100 _a20130115d1972 |||y0rusy50 ca
101 0 _arus
102 _aRU
105 _aa z |||||
200 1 _aРусский язык
_eДля 3 кл. каз. школы
205 _a[2-е изд.]
210 _aАлма-Ата
_cМектеп
_d1972
215 _a248 с., 2 л. ил.
_cил.
_d22
606 _aРусский язык
_jУчебники и пособия для нерусских школ
_2psbo
700 1 _aТурсунов
_bД.Т.
_gДаригул Турсунович
701 1 _aМасгутова
_bС.С.
_gСофья Сулеймановна
801 0 _aRU
_bNLR
_gpsbo
801 1 _aRU
_bELAR
_2rusmarc
852 _aNLR
_j72-5/254
942 _cBOOK
980 _aNB